La encíclica veritatis splendor en preguntas y respuestas
Gardado en:
| Autor Principal: | |
|---|---|
| Formato: | Libro |
| Idioma: | Lingua castelá |
| Publicado: |
Santiago
Universidad Santo Tomás
1994
|
| Subjects: | |
| Tags: |
Engadir etiqueta
Sen Etiquetas, Sexa o primeiro en etiquetar este rexistro!
|
MARC
| LEADER | 00000cam a2200000 a 4500 | ||
|---|---|---|---|
| 001 | UCY4346 | ||
| 003 | CL-VaPUC | ||
| 008 | 950309e19940000CL |||||||||||||||||spa|d | ||
| 082 | 0 | 4 | |a 262.91 |b NOI |2 21 |
| 100 | |a Noi, Pedro de la |e autor |9 600985 | ||
| 245 | 1 | 3 | |a La encíclica veritatis splendor en preguntas y respuestas |
| 300 | |a 75 p | ||
| 942 | |c BK | ||
| 945 | |d 19950309 00:00:00 |a aalvarez | ||
| 260 | |a Santiago |b Universidad Santo Tomás |c 1994 | ||
| 650 | 0 | |a Encíclicas |9 255643 | |
| 650 | 0 | |a Verdad |9 313815 | |
| 650 | 0 | |a Teología |9 258766 | |
| 583 | |a last modification |c 20150303 04:48:27 |k Rodrigo Vera | ||
| 999 | |c 232222 |d 232220 | ||
| 952 | |0 0 |1 0 |4 0 |6 262_910000000000000_NOI_1994 |7 0 |8 A |9 236318 |a BIBTEO |b BIBTEO |d 2019-11-15 |i 306395K |o 262.91 NOI 1994 |p 306395K |r 2025-01-17 |w 2019-11-15 |y BK |k ICR | ||
| 952 | |0 0 |1 0 |4 0 |6 262_910000000000000_NOI_1994 |7 0 |8 A |9 236319 |a BIBTEO |b BIBTEO |d 2019-11-15 |i 4244052 |o 262.91 NOI 1994 |p 4244052 |r 2025-01-17 |w 2019-11-15 |y BK |k ICR | ||
| 952 | |0 0 |1 0 |3 erb |4 0 |6 262_910000000000000_NOI_1994 |7 0 |8 A |9 236320 |a BIBTEO |b BIBTEO |i 5153042 |o 262.91 NOI 1994 |p 5153042 |r 2025-01-17 |w 2019-11-15 |y BK |z Catalogado en:20150305 |k ICR | ||